000 00680nam a2200181Ia 4500
008 090630s9999 xx 000 0 und d
082 _b14913
100 _aदेवळे श. रा.
245 _aअशी ही सीतेची विलक्षण कथा.
_cदेवळे श. रा.
260 _bवसंत बुक.
_c1994
300 _a64
600 _aदेवळे श. रा.
630 _aअशी ही सीतेची विलक्षण कथा.
655 _aबालवाङमय.
700 _aदेवळे श. रा.
730 _aअशी ही सीतेची विलक्षण कथा.
942 _cBOOK
999 _c266769
_d266769